Seminář k Retail Businessu

Hlavní autor: Filipová, Alena, 1965-
Další autoři: Zeman, Jiří
Jazyk: Čeština
Vydáno: V Praze : Vysoká škola ekonomická, 2008,
Témata:
Fyzický popis: 1 CD-ROM: barev. ; 12 cm
Elektronické zdroje
Uloženo v:
LEADER 01725nmm a2200481 a 4500
001 000928292
003 CZ BrMZK
005 20090420134423.0
008 090128s2008 xr e d |||||||cze d
020 |a 978-80-245-1459-8  |q (CDR) 
040 |a BOA001  |b cze 
072 7 |a 339.3  |x Vnitřní obchod  |2 Konspekt  |9 4 
072 7 |a 37.016  |x Učební osnovy. Vyučovací předměty. Učebnice  |2 Konspekt  |9 22 
080 |a 339.37  |2 MRF 
080 |a 334.012.63/.64  |2 MRF 
080 |a 005.551  |2 MRF 
080 |a 339.923  |2 MRF 
080 |a 005.56  |2 MRF 
080 |a 339.92  |2 MRF 
080 |a (07)  |2 MRF 
080 |a (0.034.44)  |2 MRF 
100 1 |a Filipová, Alena,  |d 1965-  |7 ola2006345423  |4 aut 
245 0 0 |a Seminář k Retail Businessu  |h [elektronický zdroj] /  |c Alena Filipová, Jiří Zeman 
256 |a Data (4,41 MB) 
260 |a V Praze :  |b Vysoká škola ekonomická,  |c 2008, 
300 |a 1 CD-ROM:  |b barev. ;  |c 12 cm 
500 |a 2OP525 
500 |a E-learningová opora 
500 |a http://fmv.vse.cz 
500 |a Vzniklo v rámci rozvojového projektu MŠMT č. 224 
650 0 7 |a maloobchod  |7 ph122580  |2 czenas 
650 0 7 |a malé a střední podniky  |7 ph115211  |2 czenas 
650 0 7 |a týmová práce  |7 ph136568  |2 czenas 
650 0 7 |a vnitřní trh  |7 ph137466  |2 czenas 
650 0 7 |a kooperace podniků  |7 ph269100  |2 czenas 
650 0 7 |a ekonomická integrace  |7 ph119825  |2 czenas 
655 7 |a učební texty  |7 fd133599  |2 czenas 
655 7 |a CD-ROM  |7 fd133955  |2 czenas 
700 1 |a Zeman, Jiří  |7 ola2006319188  |4 aut 
910 2 |a BOA001  |b CDR-1219.983 
990 |a CF 
991 |b 200904 
996 3 |b 2610370250  |c CDR-1219.983  |l Stud. periodik/2.patro  |r Sklad / do 1 hodiny  |n 1  |p p.v.  |w 000928292  |u 000010  |a 1  |e BOA001  |j MZK50  |s N